বিশ্বকাপ ফুটবল এ টু জেড / (Record no. 10945)
[ view plain ]
| 000 -LEADER | |
|---|---|
| fixed length control field | 00697nam a2200217 a 4500 |
| 001 - CONTROL NUMBER | |
| JCCL Control Number | 10945 |
| 003 - CONTROL NUMBER IDENTIFIER | |
| JCCL marc code | BD-JhCC |
| 005 - DATE AND TIME OF LATEST TRANSACTION | |
| control field | 20221107134024.0 |
| 008 - FIXED-LENGTH DATA ELEMENTS--GENERAL INFORMATION | |
| fixed length control field | 190529b2014 bd ||||| a||| 00| 0 eng d |
| 035 ## - SYSTEM CONTROL NUMBER | |
| system control number | (BD-JhCC)10945 |
| 040 ## - CATALOGING SOURCE | |
| Original cataloging agency | BD-JhCC |
| Modifying agency | BD-JhCC |
| 041 ## - LANGUAGE CODE | |
| Language code of Book | ben |
| 082 ## - DEWEY DECIMAL CLASSIFICATION NUMBER | |
| Author mark and Year | SAM 2014 |
| Classification number | 796.33464 |
| 100 ## - MAIN ENTRY--PERSONAL NAME | |
| Personal name | শামস, শামসুজ্জামান |
| 245 ## - TITLE STATEMENT | |
| Title | বিশ্বকাপ ফুটবল এ টু জেড / |
| Statement of responsibility, etc | শামসুজ্জামান শামস, |
| 260 ## - PUBLICATION, DISTRIBUTION, ETC. (IMPRINT) | |
| Place of publication, distribution, etc | ঢাকা: |
| Name of publisher, distributor, etc | আলিফ বুক হাউস; |
| Date of publication, distribution, etc | 2014. |
| 300 ## - PHYSICAL DESCRIPTION | |
| Pagination | 159 p.: |
| Dimensions | 22 cm. |
| 650 ## - SUBJECT ADDED ENTRY--TOPICAL TERM | |
| Topical term or geographic name as entry element | World Cup (Soccer) |
| Form subdivision | Football |
| 942 ## - ADDED ENTRY ELEMENTS (KOHA) | |
| Source of classification or shelving scheme | Dewey Decimal Classification |
| Koha item type | Books |
| Koha issues (borrowed), all copies | 4 |
| Source of classification or shelving scheme | Damaged status | Not for loan | Home library | Current library | Shelving location | Date of accession | Cost, normal purchase price | Total Checkouts | Full call number | Barcode | Date last seen | Date checked out | Copy number | Koha item type |
|---|---|---|---|---|---|---|---|---|---|---|---|---|---|---|
| Dewey Decimal Classification | JCC Rouf Library | JCC Rouf Library | General Stacks | 06/12/2019 | 120.00 | 3 | 796.33464 SAM 2014 | 14892 | 03/16/2023 | 11/07/2022 | C-1 | Books |